000
00322nam a2200133Ia 4500
008
220204s9999 xx 000 0 und d
082
_a
581.524
_b
PAP
100
_a
Papanek, Victor
245
0
_a
Design for the real world
260
_a
London
_b
Granada
_c
1977
650
_a
Ecology
650
_a
Human ecology
942
_c
BK
999
_c
29517
_d
29517